00313nam a2200133Ia 45000030006000000080041000060400015000471000020000622450038000822600026001203000006001465460010001520050017001620STCL150530s9999 xx 000 0 und d aSTCLcSTCL aManhar Chauchan aYudh Ki Terah Shreshtha Kahaniyam bUmesh Prakashanc1981 a0 aHindi20220125171250.0